AQA GCSE Spanish: technology HT - Statistics

General Stats
  • This quiz has been taken 4 times
  • The average score is 10 of 18
Answer Stats
Hint Answer % Correct
la base de datos database
100%
el internauta internet user
75%
la tarjeta de memoria memory card
75%
el buscador search engine
75%
la pantalla tactil touch screen
75%
inalambrico wireless
75%
el procesador de texto word processor
75%
el marcador bookmark
50%
el navegador browser
50%
el servidor de seguridad firewall
50%
el guion hyphen
50%
el enlace link
50%
el mando a distancia remote control
50%
adjuntar to attach / attach
50%
el guion bajo underscore
50%
el correo web webmail
50%
desactivar to deactivate
25%
el reproductor widget
0%
No matching quizzes found
Score Distribution
Percent of People with Each Score
Percentile by Number Answered
Your Score History
You have not taken this quiz